15 najbardziej dotkniętych krajów Covid-19 - 3/10/2020 - Statystyki

Ogólne statystyki
  • Ten quiz został rozwiązany 36 razy
  • Średni wynik to 9 z 24
Statystyki odpowiedzi
kraj % Poprawnych
Stany Zjednoczone
97%
Rosja
78%
Francja
59%
Hiszpania
59%
Indie
56%
Wielka Brytania
56%
Meksyk
50%
Brazylia
47%
Argentyna
38%
Chile
34%
Chile
34%
Iran
31%
Izrael
31%
Irak
28%
Kolumbia
28%
Peru
28%
Republika Południowej Afryki
25%
Kostaryka
13%
Armenia
9%
Bahrajn
9%
Katar
9%
Kuwejt
9%
Oman
9%
Panama
9%
Nie znaleziono quizów pasujących do podanych kryteriów
Rozkład punktacji
Procent ludzi z każdym wynikiem
Percentyl według liczby udzielonych odpowiedzi
Twoja historia wyników
Nie rozwiązałeś tego quizu